000 01377nam a2200325 a 4500
001 BRCA_3386
005 20190320204245.0
041 _aeng
044 _aenk
084 _a675
_b.R68
_c1905
100 1 _aCervantes Saavedra, Miguel de
_d1547-1616
_9213
245 1 0 _aThe Adventures of Don Quixote de la Mancha
_cAdapted for the Young by M. Jones.
260 _aLondres : Nueva York
_bGeorge Routledge and Sons
_c1905
300 _a1 v. en 2 partes (x, 503 p.)
_bil. (algunas a color)
_c20 cm.
500 _aContenido : Prefacio de M. Jones. Texto compendiado de la novela
500 _aEdición : With 206 Illustrations by John Gilbert, R. A. and other Artist
500 _aTraducción abreviada para la juventud por M. Jones. Va adornada con ilustraciones de J. Gilbert. Tela; planos adornados; corte dorado Lúdovik Osterc
500 _aCon ex-libris de : Gerald Seligman
500 _aQM990
546 _aTexto en : inglés
650 1 4 _aNovela española
_yÉpoca clásica, 1500-1700
_9215
650 1 4 _aLiteratura española
_yÉpoca clásica, 1500-1700
_9216
650 1 4 _aNovela española
_ySiglo XVII
_9217
650 1 4 _aDon Quijote (Personaje ficticio)
_eNovela
_9218
700 1 _aJones, M.
_eEditor
_98905
700 1 _aGilbert, John
_d1817-1897
_eIlustrador
_98906
740 0 _aEl Ingenioso Hidalgo Don Quijote de la Mancha
902 _aQFM
942 _2lcc
_cB
999 _c3122
_d3122